Abuse and dependence on prescription opioids in adults: A mixture categorical and dimensional approach to diagnostic classification

Guardado en:  
Detalles Bibliográficos
Autores principales: Wu, L.T. (Autor) ; Blazer, D.G. (Autor) ; Pan, J.J. (Autor) ; Yang, C. (Autor) ; Woody, G.E. (Autor)
Tipo de documento: Electrónico Artículo
Lenguaje:Inglés
Publicado: 2011
En: Psychological medicine. Monograph supplement
Año: 2011, Volumen: 41, Número: 3, Páginas: 653-664
Acceso en línea: Volltext (lizenzpflichtig)
Verificar disponibilidad: HBZ Gateway

MARC

LEADER 00000caa a22000002c 4500
001 191244786X
003 DE-627
005 20250122054933.0
007 cr uuu---uuuuu
008 241217s2011 xx |||||o 00| ||eng c
024 7 |a 10.1017/S0033291710000954  |2 doi 
035 |a (DE-627)191244786X 
035 |a (DE-599)KXP191244786X 
040 |a DE-627  |b ger  |c DE-627  |e rda 
041 |a eng 
084 |a 2,1  |2 ssgn 
100 1 |a Wu, L.T.  |e VerfasserIn  |4 aut 
245 1 0 |a Abuse and dependence on prescription opioids in adults: A mixture categorical and dimensional approach to diagnostic classification 
264 1 |c 2011 
336 |a Text  |b txt  |2 rdacontent 
337 |a Computermedien  |b c  |2 rdamedia 
338 |a Online-Ressource  |b cr  |2 rdacarrier 
700 1 |a Blazer, D.G.  |e VerfasserIn  |4 aut 
700 1 |a Pan, J.J.  |e VerfasserIn  |4 aut 
700 1 |a Yang, C.  |e VerfasserIn  |4 aut 
700 1 |a Woody, G.E.  |e VerfasserIn  |4 aut 
773 0 8 |i Enthalten in  |t Psychological medicine. Monograph supplement  |d Cambridge : Cambridge Univ. Press, 1982  |g 41(2011), 3, Seite 653-664  |h Online-Ressource  |w (DE-627)610203452  |w (DE-600)2517589-0  |w (DE-576)398101191  |x 2051-2023 
773 1 8 |g volume:41  |g year:2011  |g number:3  |g pages:653-664 
787 0 8 |i Forschungsdaten  |a United States Department of Health and Human Services. Substance Abuse and Mental Health Services Administration. Office of Applied Studies  |t National Survey on Drug Use and Health, 2007  |d [Erscheinungsort nicht ermittelbar] : [Verlag nicht ermittelbar], 2008  |w (DE-627)1840045256 
856 4 0 |u https://doi.org/10.1017/S0033291710000954  |x Resolving-System  |z lizenzpflichtig  |3 Volltext  |7 1 
935 |a mkri 
951 |a AR 
ELC |a 1 
LOK |0 000 xxxxxcx a22 zn 4500 
LOK |0 001 4637413346 
LOK |0 003 DE-627 
LOK |0 004 191244786X 
LOK |0 005 20241217044122 
LOK |0 008 241217||||||||||||||||ger||||||| 
LOK |0 035   |a (DE-2619)ICPSR86791 
LOK |0 040   |a DE-2619  |c DE-627  |d DE-2619 
LOK |0 092   |o n 
LOK |0 852   |a DE-2619 
LOK |0 852 1  |9 00 
LOK |0 935   |a nacp 
LOK |0 939   |a 17-12-24  |b l01 
ORI |a SA-MARC-krimdoka001.raw